| 000 | 00437 a2200157 4500 | ||
|---|---|---|---|
| 020 | _a8120316649 | ||
| 082 | _a 005.72 | ||
| 090 |
_c2483 _d2483 |
||
| 100 | _aMarchal, Benoit. | ||
| 245 |
_a XML by example _cBenoit Marchal |
||
| 260 |
_aNew Delhi: _bPrentice-Hall of India Pvt.Ltd., _c2000. |
||
| 300 |
_a xv, 495 p. _b: ill. ; _c 24 cm. |
||
| 500 | _a Includes Index | ||
| 650 | _aXML (Document markup language) | ||
| 942 |
_cBK _k005.72 MAR |
||
| 999 |
_c6408 _d6408 |
||